Rennes - Choix multiples - Statistiques

Statistiques générales
  • Ce quiz a été pris 5 121 fois
    4 703 depuis la dernière actualisation
  • Le résultat moyen est 7 sur 10
Statistiques - réponses
Question Réponse % Correct
De quel département Rennes est-elle la préfecture ? Ille-et-Vilaine
91%
Quel est le nom breton de Rennes ? Roazhon
91%
Quel journal régional, détenu par la famille Hutin, a été créé et est édité à Rennes ? Ouest France
84%
Quelle galette est devenue une spécialité iconique de Rennes ? Galette Saucisse
83%
Quel nom porte le jardin botanique au centre de la ville abritant une orangerie, une roseraie et des volières ? Parc du Thabor
70%
Quelle judokate française née à Rennes a remporté 3 fois l'or aux Jeux olympiques ? Clarisse Agbegnenou
67%
Quel bâtiment emblématique rennais a vu son toit brûler lors d'une manifestation de marins pêcheurs, les 4 et 5 février 1994 ? Le Parlement de Bretagne
60%
Laquelle de ces photos n'a pas été prise à Rennes ?
50%
Quelle autoroute, dite "des Estuaires", relie Rennes à Caen ? A84
41%
Quel nom, souvent mentionné dans les aventures d'Astérix, portait la ville pendant la période romaine ? Condate
41%
Aucun quiz correspondant
Distribution des résultats
% des personnes avec chaque résultat
Percentile par nombre de réponses
Votre historique - résultats
Vous n’avez pas pris ce quiz depuis la dernière actualisation